| 000 | 00906cab a22002295a 4500 | ||
|---|---|---|---|
| 001 | L155929 | ||
| 008 | 120423e20120120xxk 000 0 eng d | ||
| 035 | _a(Sirsi) u155929 | ||
| 041 | 0 | _aeng | |
| 100 | 1 | _aGardiner, Joey | |
| 245 | 0 | 0 |
_aLaing O'Rourke back on top _bbusiness barometer |
| 260 | _c2012 | ||
| 490 |
_aBuilding _v277 (8724) 20 April 2012, 18-19(2) |
||
| 520 | _aOverview; tables of top contractors including and excluding civils for March 2012; yearly work won including and excluding civils April 2011-March 2012; top architects and top quantity surveyors April 2011-March 2012 using information from Barbour ABI. Also looks at recession, public austerity, and the public housing index. | ||
| 590 | _aKA | ||
| 651 | 4 |
_aUnited Kingdom _y |
|
| 690 |
_aContracts _96232 |
||
| 690 |
_aConstruction management _96230 |
||
| 700 | 1 | _aGreen, Brian | |
| 700 | 1 | _aForrest, Kelly | |
| 942 | _n0 | ||
| 999 |
_c83932 _d83932 |
||